Cryptographic Ciphers and Algorithms - Statistics

General Stats
  • This quiz has been taken 53 times
  • The average score is 16 of 40
Answer Stats
Group Hint Answer % Correct
SHA A Algorithm
85%
SHA H Hash
81%
CBC C Cipher
79%
AES E Encryption
72%
AEAD E Encryption
72%
OAEP E Encryption
72%
SHA S Secure
72%
AES A Advanced
68%
PKI K Key
68%
HKDF K Key
68%
AES S Standard
64%
CBC B Block
55%
PKI P Public
55%
MAC C Code
51%
PKI I Infrastructure
43%
ECDH E Elliptic
38%
ECDH C Curve
36%
ECDH H Hellman
36%
MAC A Authentication
34%
RSA R Rivest
34%
ECDH D Diffie
32%
MAC M Message
32%
GCM C Counter
30%
GCM M Mode
28%
RSA S Shamir
28%
CBC C Chaining
26%
AEAD D Data
26%
OAEP A Asymmetric
23%
HKDF F Function
19%
GCM G Galois
19%
OAEP P Padding
19%
RSA A Adleman
17%
AEAD A Authenticated
17%
AEAD A Associated
15%
HKDF D Derivation
15%
OAEP O Optimal
15%
PFS F Forward
11%
PFS P Perfect
11%
PFS S Secrecy
9%
HKDF H HMAC-based
6%
No matching quizzes found
Score Distribution
Percent of People with Each Score
Percentile by Number Answered
Your Score History
You have not taken this quiz